000 00216 a2200097 4500
001 12227
100 _aHameed, A.
245 _aVeran Gali Main Larki
260 _a
_bSang-e-Meel Publications
_c
090 _c9448
_d9448
942 _aNUST-CAE
_cM
_c36320
999 _c247300
_d247300